00637nam a2200169Ia 4500008004000000020001800040082001600058100002400074245005400098260004600152300001300198650002700211690002800238906001100266999001900277952017100296210210b2000 xxu||||| |||| 00| 0 eng d a81 7594 064 6 a327.54 SHAI aSHARMA (Prem Lata). aIndia's foreign policy: prospects and retrospect. aJaipur.bMangal Deep Publications.,c2000 aviii,284 aIndia Foreign Policy  aInternational Relations a056681 c104239d104239 001040708Political ScienceaALbALcPolitical Scienced2021-02-17eSita Book House, Mangalore.g655.00l0o327.54 SHAIp056681r2021-02-17 00:00:00w2021-02-17yBK